000 00581nam a2200217Ia 4500
003 OSt
005 20230427140739.0
008 210423s1981 xx 000 0 und d
020 _a52123283
040 _cAL
041 _aeng
082 _a582.13 HICM
100 _aHICKEY (Michael);KING (Clive).
_994096
245 _aHundred families of flowering plants.
260 _aCambridge
_bCambridge University Press
_c1981
300 _axix,567
_bPB
365 _cINR
650 _aSpermatophyta
_994097
906 _afamilies ; flowering ; Hundred ; plants.
942 _2ddc
_cBK
999 _c162790
_d162790